Statistiken für Kreisfreie Städte in NRW

Klicken Sie hier um das Quiz zu spielen!

Allgemein

  • Dieses Quiz wurde 46 mal gespielt
  • Das Durchschnittsergebnis liegt bei 18 aus 22

Antwortstatistiken

EinwohnerRegierungsbezirkStadt% Korrekt
629.047DüsseldorfDüsseldorf
100%
1.084.831KölnKöln
100%
320.946MünsterMünster
95%
593.317ArnsbergDortmund
93%
502.211DüsseldorfDuisburg
93%
584.580DüsseldorfEssen
93%
365.742ArnsbergBochum
88%
263.000MünsterGelsenkirchen
86%
180.849ArnsbergHamm
86%
338.332DetmoldBielefeld
83%
189.783ArnsbergHagen
83%
210.824DüsseldorfOberhausen
83%
358.376DüsseldorfWuppertal
83%
336.465KölnBonn
81%
157.368ArnsbergHerne
81%
165.748KölnLeverkusen
81%
268.465DüsseldorfMönchengladbach
79%
228.426DüsseldorfKrefeld
76%
160.643DüsseldorfSolingen
74%
172.404DüsseldorfMülheim an der Ruhr
71%
118.113MünsterBottrop
64%
112.613DüsseldorfRemscheid
57%

Verteilung der Resultate

Perzentil nach korrekt beantworteten Fragen

Anzahl Personen mit jedem Resultat

Ihre Resultats-Entwicklung

Sie haben dieses Quiz noch nicht gespielt